000 00699nam a22001577a 4500
003 OSt
005 20151007152810.0
008 151007b xxu||||| |||| 00| 0 eng d
040 _cRUA
082 _aAVM LIN 2008 B080 Or.1
100 _92289
_aLIN, BOVANNAK.
245 _aSurvey on elephant feeding of indigenous people in senmnorom district, mondulkiri province, ការសិក្សាអំពីស្ថានភាពចិញ្ចឹមដំរីរបស់ជនជាតិភាគតិច នៅស្រុកសែនមនោរម្យ ខេត្តមណ្ឌលគីរី
260 _aPhnom Penh
_bRUA
_c2008
300 _axii; 45p.
_bill.
_c29cm.
942 _2ddc
_cAVM
999 _c2157
_d2157